000 00473nam a2200181Ia 4500
001 21005
005 20260306172847.0
008 260306t2008||||xx |||||||||||||| ||spa||
041 _aESP
082 _a343.8385
_bG15
100 _aGallardo Miraval, Juvenal, 1947-
_eAUT
245 0 _aLos delitos aduaneros:
_bfundamentos del delito internacional
260 _c2008
300 _a592 páginas :
_c25 cm.
650 _aGEN
654 _aCCO
942 _cLIB
_dJUS
_fJUS
_2ddc
_n
999 _c21005
_d21005